|
|
|
|
| LEADER |
00000nam0a2200000 4500 |
| 001 |
266660 |
| 005 |
20231101234024.0 |
| 035 |
|
|
|a (RuTPU)RU\TPU\book\289680
|
| 090 |
|
|
|a 266660
|
| 100 |
|
|
|a 20140714d1969 k y0rusy50 ca
|
| 101 |
0 |
|
|a rus
|
| 102 |
|
|
|a RU
|
| 105 |
|
|
|a y z 001zy
|
| 200 |
1 |
|
|a Применение коричной кислоты в аналитической химии
|e [монография]
|f Э. А. Остроумов, И. И. Волков
|g Академия наук СССР (АН СССР), Институт океанологии им. П. П. Ширшова (ИО)
|
| 210 |
|
|
|a Москва
|c Наука
|d 1969
|
| 215 |
|
|
|a 104 с.
|
| 320 |
|
|
|a Библиогр.: с. 102-103.
|
| 606 |
1 |
|
|a Коричная кислота
|x Применение в аналитической химии
|2 stltpush
|3 (RuTPU)RU\TPU\subj\73374
|9 86406
|
| 610 |
1 |
|
|a неорганические вещества
|
| 610 |
1 |
|
|a химический анализ
|
| 610 |
1 |
|
|a методы разделения
|
| 610 |
1 |
|
|a осадительные методы
|
| 610 |
1 |
|
|a аналитическая химия
|
| 610 |
1 |
|
|a осаждение
|
| 610 |
1 |
|
|a коричнокислый аммоний
|
| 675 |
|
|
|a 543-412.2
|v 3
|
| 700 |
|
1 |
|a Остроумов
|b Э. А.
|g Эспер Александрович
|
| 701 |
|
1 |
|a Волков
|b И. И.
|g Игорь Иванович
|
| 712 |
0 |
2 |
|a Академия наук СССР (АН СССР)
|b Институт океанологии им. П. П. Ширшова (ИО)
|c (Москва)
|2 stltpush
|3 (RuTPU)RU\TPU\col\6016
|
| 801 |
|
1 |
|a RU
|b 63413507
|c 20140714
|
| 801 |
|
2 |
|a RU
|b 63413507
|c 20151113
|g RCR
|
| 942 |
|
|
|c BK
|